إدارة مخاطر التعثر المصرفي من وجهتي النظر المصرفية والقانونية : (Record no. 22386)
[ view plain ]
| 000 -الفاتح | |
|---|---|
| حقل البيانات ثابتة الطول | 01608nam a22002895a 4500 |
| 003 - محدد رقم الضبط | |
| رقم الضبط | OSt |
| 005 - وقت وتاريخ اخر تعامل مع التسجيلة | |
| رقم الضبط | 20160925121537.0 |
| 008 - عناصر البيانات ثابتة الطول - معلومات عامة | |
| حقل البيانات ثابتة الطول | 160925s2007 ua fr 000 0 ara d |
| 015 ## - | |
| -- | 2006/18860 |
| 020 ## - الرقم الدولى المعيارى للكتب | |
| الرقم الدولى المعيارى للكتاب | 977438010X |
| 040 ## - مصدر الفهرسة | |
| وكالة الفهرسة الأصلية | EG-ScBUE |
| لغة الفهرسة | ara |
| وكالة النسخ | EG-ScBUE |
| 043 ## - رمز المنطقة الجغرافية | |
| رمز المنطقة الجغرافية | f-ua--- |
| 082 04 - رقم تصنيف ديوى العشرى | |
| رقم التصنيف | 346.62073 |
| رقم المادة | ش و ا |
| رقم الطبعة | 22 |
| 100 1# - المدخل الرئيسى - إسم شخصى | |
| الإسم الشخصى | شواربي، عبد الحميد. |
| 9 (RLIN) | 41062 |
| 245 10 - بيان العنوان | |
| العنوان | إدارة مخاطر التعثر المصرفي من وجهتي النظر المصرفية والقانونية : |
| بقية العنوان | منظومة إصلاح مصرفي بين النظرية والتطبيق من خلال رؤية فلسفية ومنهجية وتنويرية / |
| بيان المسئوليه,etc | تأليف عبد الحميد الشواربي، محمد الشواربي. |
| 250 ## - بيان الطبعة | |
| بيان الطبعة | ط. 1. |
| 260 ## - PUBLICATION, DISTRIBUTION, ETC. (IMPRINT) | |
| مكان الناشر او الموزع | الإسكندرية : |
| اسم الناشر او الموزع | المكتب الجامعي الحديث، |
| تاريخ النشر أو التوزيع | 2007. |
| 300 ## - الوصف المادى | |
| التعداد | 1753 ص. ؛ |
| أبعاد الوعاء | 24 سم. |
| 520 ## - التبصرة الخاصة بالتعليق أو التلخيص | |
| ملخص,الخ | محتويات وأهداف الكتاب :<br/>-أسباب أزمة التعثر المصرفي وتداعياتها - أوجه الإصلاح المصرفي للخروج من الأزمة - منظومة الأدوار الفعالة في إدارة الأزمة - الإجراءات المصرفية في مواجهة أطراف التعثر. |
| 650 #7 - المدخل الاضافى بالموضوع-مصطلح موضوعى | |
| مصطلح موضوعي أو اسم جغرافي كعنصر مدخل | الائتمان المصرفي |
| التقسيم الفرعي العام | قوانين و تشريعات |
| التقسيم الفرعي الجغرافي | مصر. |
| مصدر الرأس أو المصطلح | BUEsh |
| 9 (RLIN) | 41173 |
| 650 #7 - المدخل الاضافى بالموضوع-مصطلح موضوعى | |
| مصطلح موضوعي أو اسم جغرافي كعنصر مدخل | البنوك |
| التقسيم الفرعي العام | قوانين و تشريعات |
| التقسيم الفرعي الجغرافي | مصر. |
| مصدر الرأس أو المصطلح | BUEsh |
| 9 (RLIN) | 41172 |
| 650 #0 - المدخل الاضافى بالموضوع-مصطلح موضوعى | |
| مصطلح موضوعي أو اسم جغرافي كعنصر مدخل | البنوك |
| التقسيم الفرعي الجغرافي | مصر |
| التقسيم الفرعي العام | إدارة |
| مصدر الرأس أو المصطلح | BUEsh |
| 651 ## - المدخل الاضافى بالموضوع - اسم جغرافى | |
| مصدر الرأس أو المصطلح | BUEsh |
| 653 ## - مصطلح تكشيفى غير مقيد | |
| Resource For college | Law |
| Arrived date list | September2016 |
| 700 1# - المدخل الاضافى - اسم شخصى | |
| الإسم الشخصى | شواربي، محمد. |
| 9 (RLIN) | 41169 |
| 942 ## - عناصر المدخل الإضافي( كوها) | |
| مصدر التصنيف او مخطط الترفيف | Dewey Decimal Classification |
| حالة التراجع | حالة الفقد | مصدر التصنيف او خطة الترفيف | حالة تلف | ليس للاعارة | مجموعات كوها | المكان الدائم | المكان الحالي | موقع الترفيف | تاريخ الاكتساب | Source of acquisition | سعر الشراء الطبيعي | تعداد مسلسل / التسلسل الزمني | رقم الاستدعاء | الباركود | Date last seen | التكلفة | نوع الوعاء |
|---|---|---|---|---|---|---|---|---|---|---|---|---|---|---|---|---|---|
| Dewey Decimal Classification | دار الفكر العربي | Central Library | Central Library | First floor | 25/09/2016 | Purchase | 300.00 | 15886 | 346.62073 ش و ا | 000033672 | 15/07/2025 | 375.00 | Book - Borrowing |